[Event "XV C.to Mondiale seniores"]
[Site "Lignano Sabbiadoro ITA"]
[Date "2005.10.03"]
[Round "6"]
[White "Recubini, Dante"]
[Black "Miessner, Rolf"]
[Result "0-1"]
[WhiteElo "1481"]
[BlackElo "1773"]
[PlyCount "134"]
[EventDate "2005.09.28"]

1. e4 Nf6 2. e5 Nd5 3. c4 Nb6 4. Nf3 d6 5. exd6 exd6 6. h3 Bf5 7. Nc3 Be7 8. d4
O-O 9. Be2 Re8 10. O-O Bf6 11. b3 Nc6 12. Be3 Qd7 13. Bd3 Re7 14. Bxf5 Qxf5 15.
a3 Rae8 16. Ne2 Qc8 17. Ng3 g6 18. Rb1 d5 19. c5 Nd7 20. Qd2 Nd8 21. b4 c6 22.
a4 a6 23. a5 Ne6 24. Ne2 Bg7 25. Nc3 f5 26. Bf4 Nxf4 27. Qxf4 Nf8 28. Rbd1 Ne6
29. Qc1 Qc7 30. Rfe1 Nf8 31. Rxe7 Rxe7 32. Re1 Kf7 33. Rxe7+ Qxe7 34. Qd1 h6
35. g3 Bf6 36. Na4 Nd7 37. Kg2 Qe4 38. Nc3 Qe8 39. Qe2 Qxe2 40. Nxe2 g5 41. Ne1
Nf8 42. Nd3 Ne6 43. f4 Nxd4 44. Nxd4 Bxd4 45. Kf3 Kf6 46. Ke2 Bc3 47. Kf3 Bd2
48. Ke2 Bc3 49. Kf3 Ke6 50. Ke2 d4 51. Kf3 Kd5 52. g4 Kc4 53. Ne5+ Kd5 54. gxf5
Bxb4 55. Nd7 Bxa5 56. Kg4 gxf4 57. Kxf4 Bd8 58. Kf3 a5 59. Ke2 Kc4 60. f6 Bxf6
61. Nxf6 Kxc5 62. Kd3 b5 63. Ne4+ Kd5 64. Nf6+ Ke6 65. Ne4 Ke5 66. Nd2 c5 67.
Nb3 c4+ 0-1

[Event "XV C.to Mondiale seniores"]
[Site "Lignano Sabbiadoro ITA"]
[Date "2005.10.03"]
[Round "6"]
[White "Scarpellini, Felice"]
[Black "Florio, Italo"]
[Result "1-0"]
[WhiteElo "1942"]
[BlackElo "1511"]
[PlyCount "57"]
[EventDate "2005.09.28"]

1. c4 Nf6 2. Nc3 d5 3. cxd5 Nxd5 4. Nf3 g6 5. g3 Bg7 6. Bg2 c6 7. O-O O-O 8. e4
Nf6 9. d4 Bg4 10. h3 Bc8 11. Be3 Na6 12. Qd2 Re8 13. Kh2 Nd7 14. Rad1 Nb6 15.
b3 e6 16. Bh6 Bh8 17. e5 Nd5 18. Ne4 Nac7 19. Nh4 Re7 20. Bg5 f6 21. exf6 Nxf6
22. Nxf6+ Kf7 23. Nxh7 Nd5 24. Bxe7 Qxe7 25. Ng5+ Ke8 26. Nxg6 Qf6 27. Nxh8
Qxh8 28. Rfe1 Nc7 29. Qf4 1-0

[Event "XV C.to Mondiale seniores"]
[Site "Lignano Sabbiadoro ITA"]
[Date "2005.10.03"]
[Round "6"]
[White "Sevenyuk, Alexey"]
[Black "Schumacher, Helmut"]
[Result "1/2-1/2"]
[WhiteElo "1836"]
[BlackElo "2119"]
[PlyCount "44"]
[EventDate "2005.09.28"]

1. e4 e6 2. d4 d5 3. Nd2 Nf6 4. e5 Nfd7 5. Bd3 c5 6. c3 Nc6 7. Ne2 cxd4 8. cxd4
Qb6 9. Nf3 f6 10. exf6 Nxf6 11. O-O Bd6 12. b3 O-O 13. Bf4 Bxf4 14. Nxf4 Kh8
15. Ne2 Bd7 16. Rc1 Be8 17. Ng5 Bh5 18. Nxe6 Rfe8 19. N6f4 Bxe2 20. Nxe2 Nxd4
21. Nxd4 Qxd4 22. Rc7 Qb4 1/2-1/2

[Event "XV C.to Mondiale seniores"]
[Site "Lignano Sabbiadoro ITA"]
[Date "2005.10.03"]
[Round "6"]
[White "Smits, Oswald"]
[Black "Zelkind, Simeon"]
[Result "1/2-1/2"]
[WhiteElo "1962"]
[BlackElo "1868"]
[PlyCount "53"]
[EventDate "2005.09.28"]

1. d4 d5 2. Nf3 Nf6 3. e3 c6 4. Bd3 e6 5. Nbd2 Nbd7 6. O-O Bd6 7. c4 O-O 8. c5
Bc7 9. b4 e5 10. dxe5 Nxe5 11. Be2 Re8 12. Bb2 Bf5 13. Nxe5 Bxe5 14. Bxe5 Rxe5
15. Nf3 Re8 16. Nd4 Bg6 17. h3 Ne4 18. Rc1 a6 19. a4 Qc7 20. Qe1 h5 21. Qd1 h4
22. Nf3 Qe7 23. Qd4 Bf5 24. Nh2 Qg5 25. Nf3 Qe7 26. Nh2 Qg5 27. Nf3 1/2-1/2

[Event "XV C.to Mondiale seniores"]
[Site "Lignano Sabbiadoro ITA"]
[Date "2005.10.03"]
[Round "6"]
[White "Somogyi, Istvan"]
[Black "Klundt, Klaus"]
[Result "0-1"]
[WhiteElo "2242"]
[BlackElo "2382"]
[PlyCount "52"]
[EventDate "2005.09.28"]

1. d4 Nf6 2. c4 g6 3. Nc3 Bg7 4. g3 O-O 5. Bg2 d6 6. Nf3 Nc6 7. O-O a6 8. b3
Rb8 9. Bb2 b5 10. cxb5 axb5 11. Rc1 Bd7 12. d5 Na5 13. Nd4 b4 14. Nb1 e5 15.
dxe6 fxe6 16. e4 e5 17. Nc2 Bb5 18. Re1 c5 19. Ne3 Nc6 20. f4 exf4 21. gxf4 Nh5
22. Bxg7 Kxg7 23. Nf5+ Kh8 24. Nxd6 Nxf4 25. Rxc5 Qb6 26. Qc2 Nd4 0-1

[Event "XV C.to Mondiale seniores"]
[Site "Lignano Sabbiadoro ITA"]
[Date "2005.10.03"]
[Round "6"]
[White "Standal, Bard"]
[Black "Beltrami, Nerio"]
[Result "0-1"]
[WhiteElo "1937"]
[BlackElo "2045"]
[PlyCount "50"]
[EventDate "2005.09.28"]

1. Nf3 Nf6 2. d3 g6 3. Nbd2 Bg7 4. e4 d6 5. g3 O-O 6. Bg2 e5 7. O-O c6 8. Qe2
Nbd7 9. Re1 Qc7 10. h3 b6 11. Nh2 Bb7 12. Bf3 d5 13. g4 Nc5 14. g5 Nfd7 15. Ng4
Ne6 16. Nf1 Nd4 17. Qd1 Nxf3+ 18. Qxf3 f6 19. Qg2 fxg5 20. Bxg5 Rac8 21. Ng3
Nc5 22. b3 Ne6 23. h4 Nd4 24. f4 exf4 25. c3 fxg3 0-1

[Event "XV C.to Mondiale seniores"]
[Site "Lignano Sabbiadoro ITA"]
[Date "2005.10.03"]
[Round "6"]
[White "Strenzwilk, Denis"]
[Black "Wagner, Carl E."]
[Result "1/2-1/2"]
[WhiteElo "2104"]
[BlackElo "2189"]
[PlyCount "45"]
[EventDate "2005.09.28"]

1. e4 c5 2. Nf3 d6 3. Nc3 Nf6 4. e5 dxe5 5. Nxe5 Nbd7 6. Nc4 Nb6 7. b3 Bg4 8.
Be2 Bxe2 9. Qxe2 Nxc4 10. Qxc4 e6 11. O-O Be7 12. Bb2 O-O 13. Rad1 Rc8 14. Rfe1
Qd4 15. Qe2 Rfd8 16. h3 c4 17. Ba1 cxb3 18. axb3 Qb6 19. Qf3 Qc6 20. Qg3 Qc7
21. Qf3 Qc6 22. Qg3 Qc7 23. Qf3 1/2-1/2

[Event "XV C.to Mondiale seniores"]
[Site "Lignano Sabbiadoro ITA"]
[Date "2005.10.03"]
[Round "6"]
[White "Taksrud, Vidar"]
[Black "Malmdin, Nils Ake"]
[Result "1/2-1/2"]
[WhiteElo "2049"]
[BlackElo "2222"]
[PlyCount "38"]
[EventDate "2005.09.28"]

1. Nf3 Nf6 2. g3 g6 3. Bg2 Bg7 4. c4 O-O 5. O-O d6 6. d4 Nc6 7. Nc3 a6 8. h3
Rb8 9. e4 Nd7 10. Be3 Na5 11. Qe2 b5 12. b3 bxc4 13. bxc4 c5 14. Rab1 Bb7 15.
Rfc1 Nc6 16. d5 Nd4 17. Qd2 Ne5 18. Nxe5 Bxe5 19. Ne2 Nxe2+ 1/2-1/2

[Event "XV C.to Mondiale seniores"]
[Site "Lignano Sabbiadoro ITA"]
[Date "2005.10.03"]
[Round "6"]
[White "Tavcar, Rado"]
[Black "Keserovic, Milan"]
[Result "0-1"]
[WhiteElo "2110"]
[BlackElo "2232"]
[PlyCount "121"]
[EventDate "2005.09.28"]

1. e4 e5 2. Nf3 Nc6 3. Nc3 Nf6 4. d4 exd4 5. Nxd4 Bb4 6. Nxc6 bxc6 7. Bd3 d5 8.
exd5 cxd5 9. O-O O-O 10. Bg5 c6 11. Qf3 h6 12. Bxf6 Qxf6 13. Qxf6 gxf6 14. Ne2
Rb8 15. b3 Re8 16. c3 Ba5 17. Rac1 Bd7 18. Rfd1 Re5 19. Kf1 Rbe8 20. h3 h5 21.
c4 Kg7 22. cxd5 cxd5 23. Nd4 Bb6 24. Nf3 R5e7 25. Re1 f5 26. Rxe7 Rxe7 27. Re1
Re6 28. Ng5 Rxe1+ 29. Kxe1 Kf6 30. h4 f4 31. Ke2 Bg4+ 32. Kf1 Bc7 33. Be2 Ke7
34. Nf3 Kd6 35. Nd4 Bb6 36. Bxg4 hxg4 37. Nc2 Ke5 38. Ke2 Bd8 39. g3 Ke4 40. h5
Bg5 41. gxf4 Bxf4 42. Ne3 f5 43. Nf1 Bg5 44. Ng3+ Ke5 45. Kd3 f4 46. Nf1 Bf6
47. b4 Kf5 48. a4 Kg5 49. a5 Be7 50. b5 Bc5 51. Ke2 Kxh5 52. Nd2 g3 53. fxg3
fxg3 54. Kf3 Kh4 55. Nf1 Bd6 56. Kg2 d4 57. Nd2 d3 58. a6 Bc5 59. Nc4 Bd4 60.
b6 Bxb6 61. Nxb6 0-1

[Event "XV C.to Mondiale seniores"]
[Site "Lignano Sabbiadoro ITA"]
[Date "2005.10.03"]
[Round "6"]
[White "Thieme, Hans"]
[Black "Ofstad, Per"]
[Result "0-1"]
[WhiteElo "2091"]
[BlackElo "2164"]
[PlyCount "54"]
[EventDate "2005.09.28"]

1. Nf3 d5 2. d4 Nf6 3. e3 c6 4. Nbd2 Bg4 5. c3 Nbd7 6. h3 Bh5 7. Be2 e6 8. O-O
Bd6 9. a4 O-O 10. b3 Qe7 11. Re1 e5 12. dxe5 Nxe5 13. Bb2 Bxf3 14. Nxf3 Ne4 15.
Nxe5 Qxe5 16. f4 Qf6 17. Qd3 Bc5 18. Bf3 Rfe8 19. Ra2 Qxf4 20. b4 Qg3 21. Re2
Bd6 22. Bxe4 Rxe4 23. Bc1 Rae8 24. Rac2 Qh2+ 25. Kf1 Bg3 26. Rf2 Bxf2 27. Kxf2
R8e6 0-1

[Event "XV C.to Mondiale seniores"]
[Site "Lignano Sabbiadoro ITA"]
[Date "2005.10.03"]
[Round "6"]
[White "Thonig, Manfred"]
[Black "Parla, Aldo"]
[Result "1/2-1/2"]
[WhiteElo "1836"]
[BlackElo "1610"]
[PlyCount "86"]
[EventDate "2005.09.28"]

1. f4 f5 2. e4 d6 3. d3 Nf6 4. e5 dxe5 5. fxe5 Ng4 6. Nf3 Qd5 7. Nc3 Qc5 8. d4
Qb6 9. h3 Nh6 10. b3 Nf7 11. a4 e6 12. a5 Qb4 13. Bd2 Qe7 14. Qc1 h6 15. b4 c6
16. b5 c5 17. Be3 Qc7 18. b6 Qd8 19. bxa7 Nc6 20. dxc5 Nfxe5 21. Nxe5 Nxe5 22.
Bb5+ Nc6 23. O-O Rxa7 24. Rd1 Qc7 25. a6 bxa6 26. Ba4 Bd7 27. Kh1 Qc8 28. Rd2
Be7 29. Qd1 O-O 30. Ne2 Bf6 31. c3 Be5 32. Ra3 f4 33. Bf2 f3 34. gxf3 Rxf3 35.
Ng1 Rxc3 36. Rxc3 Bxc3 37. Rd6 Be5 38. Rxc6 Bxc6+ 39. Bxc6 Qxc6+ 40. Nf3 Rd7
41. Qe2 Bf4 42. Kg1 Qa4 43. Qxe6+ Kh7 1/2-1/2

[Event "XV C.to Mondiale seniores"]
[Site "Lignano Sabbiadoro ITA"]
[Date "2005.10.03"]
[Round "6"]
[White "Titz, Heimo"]
[Black "Van den Berg, Adrianus M.J."]
[Result "1/2-1/2"]
[WhiteElo "2184"]
[BlackElo "2298"]
[PlyCount "98"]
[EventDate "2005.09.28"]

1. c4 e5 2. Nc3 d6 3. d4 Nf6 4. Nf3 Nc6 5. Bg5 exd4 6. Nxd4 Be7 7. e3 O-O 8.
Be2 Ne5 9. O-O Ng6 10. Rc1 c6 11. Qd2 h6 12. Bxf6 Bxf6 13. Rfd1 Qe7 14. g3 Rd8
15. f4 Nf8 16. Bf3 g6 17. b4 Ne6 18. b5 Nxd4 19. exd4 Qc7 20. bxc6 bxc6 21. Ne4
Bg7 22. g4 Rb8 23. g5 Bf5 24. Ng3 hxg5 25. Nxf5 gxf5 26. fxg5 c5 27. dxc5 dxc5
28. Bd5 Bd4+ 29. Kh1 Rb2 30. Rc2 Rxc2 31. Qxc2 Qf4 32. Qg2 Kg7 33. Rf1 Qe5 34.
Qg3 Qxg3 35. hxg3 Kg6 36. Re1 Rh8+ 37. Kg2 Rb8 38. Re2 a5 39. Bc6 Kxg5 40. Bb5
Rg8 41. Re8 Rg7 42. Ra8 f4 43. Rxa5 fxg3 44. Kxg3 f6 45. Ra8 Re7 46. Rg8+ Kh6
47. Bc6 Rg7+ 48. Rxg7 Kxg7 49. Kh4 Kf7 1/2-1/2

[Event "XV C.to Mondiale seniores"]
[Site "Lignano Sabbiadoro ITA"]
[Date "2005.10.03"]
[Round "6"]
[White "Trifunovic, Dusan"]
[Black "Fotland, Hans Christian"]
[Result "1/2-1/2"]
[WhiteElo "2019"]
[BlackElo "2131"]
[PlyCount "66"]
[EventDate "2005.09.28"]

1. e4 c5 2. c3 e6 3. Nf3 Nf6 4. e5 Nd5 5. d4 cxd4 6. Qxd4 f6 7. exf6 Qxf6 8.
Bg5 Qxd4 9. Nxd4 Nc6 10. Nf3 Bd6 11. Nbd2 O-O 12. Ne4 Bc7 13. O-O-O Nf6 14.
Bxf6 gxf6 15. Nd6 Bxd6 16. Rxd6 Kf7 17. Bb5 Ke7 18. Rhd1 Nb8 19. g3 a6 20. Ba4
b5 21. Bc2 Bb7 22. Nh4 Bd5 23. Nf5+ Kd8 24. Ne3 Bf3 25. R1d2 Kc7 26. h4 Rf7 27.
Bb3 Nc6 28. Bd1 Ne5 29. b3 Bxd1 30. Rxd1 Re7 31. c4 bxc4 32. Nxc4 Nc6 33. Kb2
Rb8 1/2-1/2

[Event "XV C.to Mondiale seniores"]
[Site "Lignano Sabbiadoro ITA"]
[Date "2005.10.03"]
[Round "6"]
[White "Wagman, Stuart"]
[Black "Haug, Kjell Martin"]
[Result "1-0"]
[WhiteElo "2142"]
[BlackElo "1950"]
[PlyCount "75"]
[EventDate "2005.09.28"]

1. e4 e5 2. Nf3 Nc6 3. Bb5 d6 4. d4 exd4 5. Nxd4 Bd7 6. Nc3 Nf6 7. O-O Be7 8.
Re1 O-O 9. Bf1 Nxd4 10. Qxd4 Bc6 11. Bf4 Nd7 12. Nd5 Bxd5 13. Qxd5 Qc8 14. Rad1
Bf6 15. c3 Ne5 16. Bg3 Ng6 17. f4 Ne7 18. Qh5 Kh8 19. Bd3 g6 20. Qf3 Bg7 21.
Bh4 Nc6 22. Bc2 f6 23. Bf2 Qe8 24. Qd3 Rd8 25. b4 a6 26. a3 Rf7 27. Bb3 Rfd7
28. Bd5 Re7 29. c4 Rb8 30. c5 Rd7 31. Bxc6 bxc6 32. Qxa6 Ra8 33. Qxc6 Bf8 34.
e5 fxe5 35. fxe5 Re7 36. Qxe8 Rexe8 37. exd6 Rxe1+ 38. Rxe1 1-0

[Event "XV C.to Mondiale seniores"]
[Site "Lignano Sabbiadoro ITA"]
[Date "2005.10.03"]
[Round "6"]
[White "Weinwurm, Wolfgang"]
[Black "Ljubarskij, Juri"]
[Result "1-0"]
[WhiteElo "2127"]
[BlackElo "2290"]
[PlyCount "121"]
[EventDate "2005.09.28"]

1. e4 e5 2. f4 exf4 3. Bc4 Qh4+ 4. Kf1 d6 5. d4 Be6 6. Qd3 Nd7 7. Nf3 Qf6 8.
Nc3 c6 9. Bd2 Bxc4 10. Qxc4 Nb6 11. Qe2 O-O-O 12. a4 d5 13. a5 Nc4 14. exd5
cxd5 15. Ne5 Nxe5 16. dxe5 Qf5 17. a6 b6 18. Qf3 Ne7 19. Bxf4 g5 20. Bg3 Bg7
21. Nb5 Qxf3+ 22. gxf3 Nf5 23. Nxa7+ Kd7 24. f4 Ra8 25. Nb5 Kc6 26. Nc3 gxf4
27. Bxf4 Rhe8 28. Kf2 Bxe5 29. Bxe5 Rxe5 30. Rhd1 Nd6 31. Rd4 Rh5 32. h4 Kc5
33. Rf4 Rf5 34. b4+ Kc6 35. Kf3 Ra7 36. Ne2 Rxf4+ 37. Kxf4 Nb5 38. c3 Nc7 39.
Nd4+ Kd6 40. Kf5 Rxa6 41. Rxa6 Nxa6 42. Kf6 Nb8 43. Kxf7 Nd7 44. Kg7 Ke7 45.
Kxh7 Kf7 46. Kh6 Nf6 47. Nb5 Ne4 48. Kh5 Kf6 49. Kg4 Ke5 50. h5 Kf6 51. Kf4 Ng5
52. Nc7 Nh3+ 53. Kg4 Nf2+ 54. Kf4 Nh3+ 55. Ke3 Ke5 56. Na8 Ng5 57. Nxb6 Ne4 58.
h6 Nf6 59. Kd3 Kd6 60. Kd4 Kc6 61. Nxd5 1-0

[Event "XV C.to Mondiale seniores"]
[Site "Lignano Sabbiadoro ITA"]
[Date "2005.10.03"]
[Round "6"]
[White "Zelkind, Eduard"]
[Black "Jakobsen, Ole"]
[Result "0-1"]
[WhiteElo "2257"]
[BlackElo "2385"]
[PlyCount "54"]
[EventDate "2005.09.28"]

1. e4 c5 2. Nf3 Nc6 3. d3 g6 4. g3 Bg7 5. Bg2 d6 6. O-O e5 7. Nfd2 h5 8. h4 Nf6
9. Nc3 Bg4 10. f3 Be6 11. Nc4 Nd4 12. a4 Qd7 13. Rb1 O-O 14. Kh2 Nh7 15. Ne3
Rae8 16. Ned5 Bxd5 17. exd5 f5 18. f4 Nf6 19. Kg1 Ng4 20. Re1 exf4 21. Bxf4
Rxe1+ 22. Qxe1 Be5 23. Bxe5 Nxe5 24. Qd1 f4 25. Ne4 fxg3 26. Ng5 Qf5 27. Nh3
Ndf3+ 0-1

[Event "XV C.to Mondiale seniores"]
[Site "Lignano Sabbiadoro ITA"]
[Date "2005.10.03"]
[Round "6"]
[White "Zurel, Maxim"]
[Black "Jacob, Konrad"]
[Result "1-0"]
[WhiteElo "1945"]
[BlackElo "2049"]
[PlyCount "105"]
[EventDate "2005.09.28"]

1. e4 c6 2. d4 d5 3. exd5 Qxd5 4. Nf3 Bf5 5. Bd3 e6 6. O-O Ne7 7. c4 Qa5 8. Bd2
Qb6 9. Qc2 Bxd3 10. Qxd3 Nd7 11. Nc3 O-O-O 12. Ng5 Ne5 13. c5 Qxc5 14. dxc5
Rxd3 15. Bf4 N7g6 16. Bxe5 Nxe5 17. Rfe1 f6 18. Nxe6 Kd7 19. Nf4 Rd4 20. Nce2
Rd2 21. Red1 Rxd1+ 22. Rxd1+ Ke8 23. Ne6 Nd7 24. b4 g5 25. N2d4 Be7 26. Ng7+
Kf7 27. Nxc6 Ne5 28. Nxe5+ fxe5 29. Nf5 Ke6 30. Nxe7 Kxe7 31. Rd6 b6 32. Rc6
Kd7 33. Rf6 Ke7 34. Rf5 Ke6 35. Rxg5 bxc5 36. f4 cxb4 37. Rxe5+ Kd6 38. Rb5 Rc8
39. Rxb4 Rc1+ 40. Kf2 Rc2+ 41. Kf3 Rxa2 42. Rb7 h5 43. Rb5 Ra3+ 44. Ke4 Ra4+
45. Kf5 Ra2 46. Kf6 h4 47. g4 Kc6 48. Rb1 Rxh2 49. g5 h3 50. g6 Rg2 51. g7 h2
52. Rh1 Rg4 53. f5 1-0

[Event "XV C.to Mondiale seniores"]
[Site "Lignano Sabbiadoro ITA"]
[Date "2005.10.04"]
[Round "7"]
[White "Akopian, Gagik"]
[Black "Profaizer, Gino"]
[Result "1-0"]
[WhiteElo "2258"]
[BlackElo "2017"]
[PlyCount "67"]
[EventDate "2005.09.28"]

1. d4 d5 2. c4 e6 3. Nc3 Nf6 4. cxd5 exd5 5. Bg5 Be7 6. e3 O-O 7. Qc2 Nbd7 8.
Bd3 Re8 9. Nf3 h6 10. Bh4 c6 11. O-O Ne4 12. Bxe7 Qxe7 13. Nd2 Nxd2 14. Qxd2
Qg5 15. Rae1 f5 16. b4 Nf6 17. f3 Bd7 18. Qf2 h5 19. Qg3 Qh6 20. Qf2 h4 21. Re2
Re7 22. e4 Rae8 23. e5 Nh5 24. f4 h3 25. Qh4 hxg2 26. Rxg2 g6 27. Be2 Kh7 28.
Rf3 Kh8 29. Rh3 Rh7 30. Rg5 Rg8 31. Bxh5 gxh5 32. Rxg8+ Kxg8 33. Qd8+ Qf8 34.
Rg3+ 1-0

[Event "XV C.to Mondiale seniores"]
[Site "Lignano Sabbiadoro ITA"]
[Date "2005.10.04"]
[Round "7"]
[White "Altshul, Raffael"]
[Black "Arkhangelsky, Boris"]
[Result "1/2-1/2"]
[WhiteElo "2268"]
[BlackElo "2384"]
[PlyCount "33"]
[EventDate "2005.09.28"]

1. e4 c5 2. Nc3 Nc6 3. d3 g6 4. Be3 d6 5. d4 cxd4 6. Bxd4 Nxd4 7. Qxd4 Nf6 8.
e5 dxe5 9. Bb5+ Bd7 10. Qxe5 Bc6 11. Qc5 Qb6 12. Qxb6 axb6 13. Nf3 Bg7 14. Ne5
Rc8 15. Nxc6 bxc6 16. Be2 O-O 17. O-O-O 1/2-1/2

[Event "XV C.to Mondiale seniores"]
[Site "Lignano Sabbiadoro ITA"]
[Date "2005.10.04"]
[Round "7"]
[White "Asmundsson, Ingvar"]
[Black "Titz, Heimo"]
[Result "1/2-1/2"]
[WhiteElo "2299"]
[BlackElo "2184"]
[PlyCount "110"]
[EventDate "2005.09.28"]

1. e4 c5 2. Nf3 Nc6 3. Bb5 g6 4. O-O Bg7 5. c3 Nf6 6. Qe2 a6 7. Bxc6 dxc6 8. h3
O-O 9. d3 b6 10. Na3 Ne8 11. Nh2 a5 12. Be3 Ba6 13. Rad1 Ra7 14. Rd2 Rd7 15.
Rfd1 e5 16. f4 Nf6 17. Nc4 exf4 18. Bxf4 Nh5 19. Qe3 Nxf4 20. Qxf4 b5 21. Ne3
b4 22. c4 Qe7 23. Nf3 Re8 24. Ng4 f6 25. Re1 h5 26. Nf2 Kh7 27. Rde2 Bh6 28.
Qg3 Bc8 29. Qb8 Rb7 30. Qg3 Be6 31. b3 Qd8 32. e5 f5 33. h4 Rd7 34. Ng5+ Bxg5
35. Qxg5 Qxg5 36. hxg5 Kg7 37. g3 Kf7 38. Kg2 Ra8 39. a4 Rd4 40. Rh1 Rad8 41.
Kf3 Ke7 42. Ree1 Rf8 43. Rh4 Rxh4 44. gxh4 Rd8 45. Nh3 Rxd3+ 46. Re3 Rd1 47.
Nf4 Bf7 48. Nd3 Rh1 49. Nxc5 Rxh4 50. Rd3 Be8 51. Rd6 Rg4 52. Re6+ Kd8 53. Rd6+
Ke7 54. Re6+ Kd8 55. Rd6+ Ke7 1/2-1/2

[Event "XV C.to Mondiale seniores"]
[Site "Lignano Sabbiadoro ITA"]
[Date "2005.10.04"]
[Round "7"]
[White "Barlocco, Carlo"]
[Black "Strenzwilk, Denis"]
[Result "1/2-1/2"]
[WhiteElo "2235"]
[BlackElo "2104"]
[PlyCount "127"]
[EventDate "2005.09.28"]

1. c4 e5 2. Nf3 d6 3. d4 e4 4. Ng5 f5 5. f3 Be7 6. Nh3 Nf6 7. Nc3 O-O 8. Nf2
Qe8 9. Bg5 Ng4 10. Bxe7 Nxf2 11. Kxf2 Qxe7 12. e3 c6 13. f4 Nd7 14. Be2 Nf6 15.
b4 Bd7 16. Qb3 Kh8 17. Rhb1 Rae8 18. Qa3 a6 19. c5 d5 20. Ke1 g5 21. g3 gxf4
22. gxf4 Ng4 23. Bxg4 Qh4+ 24. Kd2 fxg4 25. Rh1 Re6 26. Ne2 Rh6 27. Raf1 Qf6
28. Qa5 Qd8 29. Qxd8 Rxd8 30. a4 a5 31. bxa5 Ra8 32. Rb1 Bc8 33. Nc3 Rxa5 34.
Rb4 Rh3 35. Ne2 Rf3 36. f5 Rf2 37. h3 gxh3 38. Rxh3 Rxf5 39. Rh6 Kg7 40. Rd6
Rf2 41. Ke1 Rf6 42. Rd8 Rf8 43. Rd6 Rf7 44. Nf4 Bg4 45. Kf2 Ra8 46. Kg3 h5 47.
Kh4 Ra7 48. Nxh5+ Bxh5 49. Kxh5 Rf5+ 50. Kg4 Rf3 51. Rb3 Rf7 52. Ra3 Kf8 53. a5
Ra6 54. Rd8+ Ke7 55. Rb8 Ke6 56. Ra1 Rg7+ 57. Kh5 Ra7 58. Kh6 Rg2 59. Rd8 Rh2+
60. Kg7 b6+ 61. Kg6 Rg2+ 62. Kh6 Rh2+ 63. Kg6 Rg2+ 64. Kh6 1/2-1/2

[Event "XV C.to Mondiale seniores"]
[Site "Lignano Sabbiadoro ITA"]
[Date "2005.10.04"]
[Round "7"]
[White "Belloni, Umberto"]
[Black "Thieme, Hans"]
[Result "1-0"]
[WhiteElo "1910"]
[BlackElo "2091"]
[PlyCount "63"]
[EventDate "2005.09.28"]

1. e4 c5 2. Nf3 e6 3. d4 cxd4 4. Nxd4 Nf6 5. Bd3 d6 6. c3 Be7 7. Nd2 Nbd7 8. f3
a6 9. Nf1 Qc7 10. g4 Nc5 11. Bc2 h6 12. Qe2 b6 13. Rg1 Bb7 14. a4 g6 15. Ng3 h5
16. g5 Nfd7 17. h4 e5 18. Nb3 O-O 19. f4 exf4 20. Bxf4 Ne5 21. Bxe5 dxe5 22.
Nxh5 Qc6 23. Nxc5 Qxc5 24. O-O-O Rad8 25. Nf6+ Kg7 26. Qf3 b5 27. axb5 axb5 28.
Rgf1 b4 29. Rxd8 Rxd8 30. Ne8+ Kh8 31. Qxf7 Bxe4 32. Qg7# 1-0

[Event "XV C.to Mondiale seniores"]
[Site "Lignano Sabbiadoro ITA"]
[Date "2005.10.04"]
[Round "7"]
[White "Bernhoeft, Erhard"]
[Black "Sevenyuk, Alexey"]
[Result "1-0"]
[WhiteElo "2079"]
[BlackElo "1836"]
[PlyCount "57"]
[EventDate "2005.09.28"]

1. c4 Nf6 2. Nc3 c5 3. Nf3 Nc6 4. d4 cxd4 5. Nxd4 g6 6. g3 Bg7 7. Bg2 O-O 8.
O-O Qb6 9. Nb3 d6 10. Nd5 Qd8 11. h3 Bf5 12. Ne3 Be6 13. Bd2 a5 14. Bc3 a4 15.
Nd4 Nxd4 16. Qxd4 Nh5 17. Qd3 Bxc3 18. Qxc3 Qc7 19. Rac1 f5 20. Nd5 Qd8 21.
Rfd1 Nf6 22. Nf4 Bc8 23. c5 Ne4 24. Bxe4 fxe4 25. cxd6 exd6 26. Qc4+ Kg7 27.
Qxe4 g5 28. Qd4+ Qf6 29. Nh5+ 1-0

[Event "XV C.to Mondiale seniores"]
[Site "Lignano Sabbiadoro ITA"]
[Date "2005.10.04"]
[Round "7"]
[White "Bitzer, Dieter"]
[Black "Ollek, Karl Heinz"]
[Result "1-0"]
[WhiteElo "2003"]
[BlackElo "1807"]
[PlyCount "45"]
[EventDate "2005.09.28"]

1. e4 c5 2. f4 Nc6 3. Nf3 Nf6 4. e5 Nd5 5. Nc3 Nxf4 6. d4 cxd4 7. Nxd4 Ng6 8.
Nf3 Qa5 9. Bb5 e6 10. O-O a6 11. Bxc6 bxc6 12. Ne4 Bc5+ 13. Kh1 O-O 14. c3 Qc7
15. Nxc5 Nxe5 16. Nxe5 Qxe5 17. Nd3 Qb5 18. Be3 d6 19. a4 Qb8 20. b4 e5 21. Nf2
c5 22. bxc5 Bh3 23. gxh3 1-0

[Event "XV C.to Mondiale seniores"]
[Site "Lignano Sabbiadoro ITA"]
[Date "2005.10.04"]
[Round "7"]
[White "Bue, Gunnar"]
[Black "Frank, Albert"]
[Result "1/2-1/2"]
[WhiteElo "1901"]
[BlackElo "2050"]
[PlyCount "58"]
[EventDate "2005.09.28"]

1. d4 c5 2. e3 g6 3. Nf3 Bg7 4. Be2 Nf6 5. O-O O-O 6. c4 d5 7. Nc3 dxc4 8. Bxc4
cxd4 9. Nxd4 a6 10. a4 Qc7 11. Qe2 e5 12. Nb3 Nc6 13. Nd2 Bf5 14. h3 Rad8 15.
b3 e4 16. Bb2 Ne5 17. Rac1 Rxd2 18. Qxd2 Rd8 19. Qe2 Bxh3 20. Nxe4 Nxe4 21. Bd5
Nc5 22. Bxe5 Bxe5 23. Rfd1 Bh2+ 24. Kh1 Qe7 25. Qc4 Nd3 26. Rxd3 Rc8 27. Bxf7+
Kf8 28. Kxh2 Rxc4 29. Bxc4 Bf5 1/2-1/2

[Event "XV C.to Mondiale seniores"]
[Site "Lignano Sabbiadoro ITA"]
[Date "2005.10.04"]
[Round "7"]
[White "Davydov, Mikhail"]
[Black "Taksrud, Vidar"]
[Result "0-1"]
[WhiteElo "2144"]
[BlackElo "2049"]
[PlyCount "110"]
[EventDate "2005.09.28"]

1. e4 c5 2. Nf3 e6 3. d4 cxd4 4. Nxd4 Nf6 5. Nc3 Nc6 6. Ndb5 a6 7. Nd6+ Bxd6 8.
Qxd6 Qe7 9. Qd1 d5 10. Bd3 dxe4 11. Bxe4 Nxe4 12. Nxe4 O-O 13. c3 Rd8 14. Qe2
e5 15. O-O Bf5 16. f3 Rd7 17. Be3 Bxe4 18. fxe4 Rad8 19. Rad1 Qh4 20. Bf2 Qf4
21. g3 Rd2 22. gxf4 Rxe2 23. Rxd8+ Nxd8 24. Bb6 Nc6 25. Rf2 Re1+ 26. Kg2 Rxe4
27. fxe5 Rxe5 28. Rd2 Kf8 29. Kf3 Ke8 30. a4 Re6 31. a5 Ne5+ 32. Kg3 Nc4 33.
Rd8+ Ke7 34. Rb8 Nxb6 35. axb6 Rxb6 36. b4 Kf6 37. Kf4 g5+ 38. Ke4 h5 39. Kd5
g4 40. Ke4 Kg5 41. Rg8+ Rg6 42. Rb8 Re6+ 43. Kd5 b5 44. Rb7 Kf6 45. Rb8 h4 46.
Rh8 h3 47. Rg8 Kf5 48. Rg7 Re5+ 49. Kd4 Re7 50. Kd3 Kf4 51. Kd2 Kf3 52. Kd1 Re4
53. Rxf7+ Kg2 54. Rf6 Kxh2 55. Rxa6 g3 0-1

[Event "XV C.to Mondiale seniores"]
[Site "Lignano Sabbiadoro ITA"]
[Date "2005.10.04"]
[Round "7"]
[White "Dinser, Hans"]
[Black "Norrito, Salvatore"]
[Result "1/2-1/2"]
[WhiteElo "1997"]
[BlackElo "1625"]
[PlyCount "64"]
[EventDate "2005.09.28"]

1. d4 d5 2. c4 Nf6 3. Nc3 Bf5 4. e3 e6 5. cxd5 exd5 6. Bd3 Bxd3 7. Qxd3 c5 8.
dxc5 Nc6 9. Nf3 Bxc5 10. a3 O-O 11. O-O a6 12. b4 Bd6 13. Bb2 Ne5 14. Nxe5 Bxe5
15. f4 Bb8 16. Ne2 Ba7 17. Bd4 b5 18. Rac1 Bxd4 19. Nxd4 Rc8 20. h3 Rc4 21. Nb3
Re8 22. Nd2 Rxc1 23. Rxc1 Qe7 24. Nf1 Qb7 25. Rc5 Rd8 26. Nd2 h5 27. Kh2 Rd6
28. Qc2 g6 29. Nf3 Rd8 30. Ne5 Ne4 31. Rc7 Qb6 32. Rxf7 Qxe3 1/2-1/2

[Event "XV C.to Mondiale seniores"]
[Site "Lignano Sabbiadoro ITA"]
[Date "2005.10.04"]
[Round "7"]
[White "Fotland, Hans Christian"]
[Black "Neumann, Horst"]
[Result "1/2-1/2"]
[WhiteElo "2131"]
[BlackElo "2003"]
[PlyCount "52"]
[EventDate "2005.09.28"]

1. d4 d5 2. c4 c6 3. e3 Nf6 4. Nc3 Nbd7 5. Nf3 e6 6. Bd3 Bd6 7. O-O O-O 8. Qc2
h6 9. Rd1 b6 10. e4 dxe4 11. Nxe4 Bb8 12. b3 Nxe4 13. Bxe4 Bb7 14. Qe2 Qe7 15.
Bb2 Re8 16. Re1 Bd6 17. Bc2 Ba3 18. Qd3 Nf8 19. Bc3 Bb4 20. Bxb4 Qxb4 21. Ne5
Rad8 22. Qf3 Qe7 23. Be4 Rxd4 24. Bxc6 Rb8 25. Rad1 Rxd1 26. Rxd1 f6 1/2-1/2